000 00336nam a2200145Ia 4500
005 20251222152044.0
008 251222s9999||||xx |||||||||||||| ||spa||
020 _a9788415497714
082 _a853/S68
100 _aSorrentino, Fabio
245 0 _aSangre Imperial
250 _a1ra. ed.
264 _bEdiciones Bóveda
942 _cLIB
999 _c26175
_d26175